| 000 | 00912nac a22002657a 4500 | ||
|---|---|---|---|
| 001 | BR8107287 | ||
| 003 | BR-BrBNA | ||
| 005 | 20240105115127.0 | ||
| 008 | 230509b bl.|||m| |||| 00| 0 por d | ||
| 040 |
_aBR-BrBNA _bpor _cBiblioteca Nacional de Agricultura |
||
| 072 | _aE30 | ||
| 090 | _aE30 BR8107287 | ||
| 110 | 1 |
_aBanco de Desenvolvimento do Estado do Maranhao S.A., Sao Luis (Brasil) _91087 |
|
| 245 | 1 | _aPlano estrategico 81/85 [Banco de Desenvolvimento do Estado do Maranhao, Brasil] | |
| 260 | 3 |
_aSao Luis, MA (Brasil): _c1981. |
|
| 300 | _a12 p. | ||
| 490 |
_aPlano Estrategico - Banco de Desenvolvimento do Estado do Maranhao S.A. (Brazil) _v _x |
||
| 500 | _a3 tables | ||
| 650 | _aPROJETO DE DESENVOLVIMENTO | ||
| 650 | _aPLANEJAMENTO ECONOMICO | ||
| 650 | _aDESENVOLVIMENTO ECONOMICO | ||
| 650 | _aMARANHAO | ||
| 909 |
_a202312 _bLúcia Elande _c55 _dLúcia Elande |
||
| 942 |
_2AGRIS _n0 _cMS |
||
| 999 |
_c273211 _d273211 |
||